| 000 | 00651cam a2200193 i 4500 | ||
|---|---|---|---|
| 999 |
_c4852 _d4852 |
||
| 008 | 230113r20082002enka j 001 0 eng d | ||
| 020 |
_a9781407104218 _q(pbk.) |
||
| 020 |
_a1407104217 _q(pbk.) |
||
| 050 | 4 |
_aDA16 _b.D43 2008 |
|
| 082 | 0 | 4 |
_a909.097 DEA _222 |
| 100 | 1 |
_aDeary, Terry, _eauthor. |
|
| 245 | 1 | 0 |
_aBarmy British empire / _cTerry Deary ; illustrated by Martin Brown. |
| 250 | _aNew edition. | ||
| 260 |
_aEUSTON HOUSE,24 EVERSHOLT STREET,LONDON,NW1 1DB,UK _bSCHOLASTIC CHILDREN'S BOOKS |
||
| 300 |
_a139 pages : _billustrations ; _c20 cm. |
||
| 500 | _aPrevious edition: London: Hippo, 2002. | ||
| 500 | _aIncludes index. | ||
| 942 | _2ddc | ||